000
00351 a2200169 4500
001
188334
020
_a
85-249-0991-9
040
_c
Magnum
100
_a
Rochael, Denise
240
1
0
_a
Senhora rezadeira
_l
por
245
1
0
_a
Senhora rezadeira
300
_a
28
362
0
_a
2004
440
1
_a
Cortez
697
_a
LITERATURA INFANTO
942
_c
BK
999
_c
188334
_d
188334